Piłkarska kariera Roberto Baggio - Statystyki

Ogólne statystyki
  • Ten quiz został rozwiązany 43 razy
  • Średni wynik to 4 z 8
Statystyki odpowiedzi
Lata Drużyna % Poprawnych
1995-1997 Milan
94%
1998-2000 Inter
86%
1990-1995 Juventus
86%
1985-1990 Fiorentina
50%
2000-2004 Brescia
42%
1997-1998 Bologna
31%
1980-1985 Vicenza
17%
?-1980 Caldogno
8%
Nie znaleziono quizów pasujących do podanych kryteriów
Rozkład punktacji
Procent ludzi z każdym wynikiem
Percentyl według liczby udzielonych odpowiedzi
Twoja historia wyników
Nie rozwiązałeś tego quizu